000 00272nam a2200109Ia 4500
008 190911s9999||||xx |||||||||||||| ||und||
100 _aHaroon-Ur-Rasheed
245 0 _aPakistan The Successful Culmination
260 _aLahore
_bRoyal Book
_c1996
300 _a414
942 _cBK
999 _c6921
_d6921